| 000 | 01906nam a2200325 i 4500 | ||
|---|---|---|---|
| 001 | 000043305 | ||
| 003 | DO-SdBNP | ||
| 005 | 20250430082745.0 | ||
| 007 | ta | ||
| 008 | 250430s2010 dr f001 0 spa d | ||
| 040 |
_aDO-SdBNP _bspa _cBNPHU _erda |
||
| 041 | _hspa | ||
| 082 |
_a342.729302 _bR426c _222 |
||
| 110 | 1 |
_aRepública Dominicana. _bSenado de la República _9447 |
|
| 240 | 1 | 0 | _aConstitución (2010) |
| 245 | 1 | 0 |
_aConstitución de la República Dominicana : _bproclamada el 26 de enero del año 2010, por la Asamblea Nacional de la República Dominicana publicada en la Gaceta Oficial No. 10561 del 26 de Enero de 2010 |
| 264 |
_aSanto Domingo : _bSenado de la República Dominicana, _c2010 |
||
| 300 |
_a164 páginas. ; _c24 cm. |
||
| 336 |
_ardacontent _btexto _2txt |
||
| 337 |
_ardamedia _bsin mediación _2n |
||
| 338 |
_ardacarrier _bvolumen _2nc |
||
| 500 | _aPublicada en la gaceta oficial no. 10561,del 26 de enero 2010 | ||
| 500 | _aIncluye índice temático | ||
| 505 | 0 |
_gPreámbulo -- _tDe la Nación, del Estado, de su gobierno y de sus principios fundamentales -- _tDe la nación, de su soberanía y su gobierno _tEl estado social y democrático de derecho -- _tDel territorio nacional -- _tDe la conformación del territorio nacional -- _tDel Régimen de seguridad y desarrollo fronterizo _tDe la división político administrativa -- _tDe los recursos naturales -- _tDe la población -- _tDe la nacionalidad -- _tDe la ciudadanía -- _tDel régimen de extrajería _tDe las Fuerzas Armadas, de la Policía Nacional y de la Seguridad y Defensa -- _tDe los Estados de Excepción -- _tDe las Reformas Constitucionales -- _gDisposiciones generales y transitorias -- _gFirmas. |
|
| 590 | _aInventariado, 2025/DG | ||
| 651 | 4 |
_aRepública Dominicana _xConstitución (2010{Rpara} _935654 |
|
| 651 | 4 |
_aRepública Dominicana _zDerecho Constitucional _9449 |
|
| 910 | _aDG | ||
| 942 |
_2ddc _cLBS1 |
||
| 999 |
_c58859 _d58859 |
||